01203nam a2200349 i 450000100060000000300090000600500170001500800410003202000150007304000360008804600090012408000160013308000120014908000160016110000290017724500880020626000500029430000210034433600270036533700540039233800280044638000160047438800140049038800140050450400260051861000250054465100110056965800340058071000620061485600980067685600790077436312KOSZ 00520220624074253.0991010s1999 pl f f |000 0 pol d a8387424838 cKOSZ 005aKOSZ 005dKOSZ 005/HR k1999 a338.22(438) a339.923 a061.1(4-67)1 aWensierski, PiotreAutor10aUnia Europejska in statu nascendi /cPiotr Wensierski ; Politechnika Koszalińska. aKoszalin :bWydawnictwo Uczelniane PK,c1999. a149 s. ;c24 cm. 2rdacontentaTekstbtxt 2rdamediaaBez urządzenia pośredniczącegobn 2rdacarrieraWoluminbnc aKsiążki a1901-2000 a1989-2000 aBibliogr. s. 147-149.24aUnia Europejska (UE)2 aPolska aGospodarka, ekonomia, finanse2 aWydawnictwo Uczelniane (Politechnika Koszalińska)4pbl. uhttp://koha.tu.koszalin.pl/cgi-bin/koha/opac-detail.pl?biblionumber=36312yKatalog online BPK uhttp://dlibra.tu.koszalin.pl/dlibra/docmetadata?id=500yBiblioteka Cyfrowa